Využitie prietokovej cytometrie pri mikrobiologickej kontrole mliečnych výrobkov

Gespeichert in:
Bibliographische Detailangaben
1. Verfasser: Kitková, Kitti
Format: Buch
Sprache:Slowakisch
Veröffentlicht: Bratislava STU FCHPT 2012
Online-Zugang:Im OPAC anzeigen
Tags: Tag hinzufügen
Keine Tags, Fügen Sie das erste Tag hinzu!

MARC

LEADER 00000nam a2200000 a 4500
005 20260127134331.0
008 120816 2012 xo 000 0 slo d
035 |a vtls010442801 
039 9 |y 201208160938  |z mschk03 
040 |a STUSCHK1  |b slo  |c STUSCHK1  |e AACR2 
100 1 |a Kitková, Kitti 
245 1 |a Využitie prietokovej cytometrie pri mikrobiologickej kontrole mliečnych výrobkov  |c Kitti Kitková 
260 |a Bratislava  |b STU FCHPT  |c 2012 
300 |a 35 s.  |b il.  |c 30 cm 
500 |a Obháj.: 10.7. 2012 
500 |a Študijný program: výživa-kozmetika-ochrana zdravia 
500 |a Študijný odbor: 5.2.24 potravinárstvo 
500 |a Bakalárska práca 
500 |a FCHPT, Oddelenie výživy a hodnotenia potravín 
500 |a Evidenčné číslo: 13046-69105 
910 |a SCHK95 
999 |c 10102  |d 10102